00993 a2200169 4500003000500000005001700005010001600022020002400038040000900062082001700071100002600088245005500114260003100169300003400200505055700234650003200791Nust20230119133021.0 a 82008629 a0471050482 (pbk.) : cNust00a671.5212,KOE1 aKoellhoffer, Leonard.10aShielded metal arc welding /cLeonard Koellhoffer. aNew York :bWiley,cc1983. axiv, 271 p. :bill. ;c28 cm. aIntroduction to SMAW Process (Page-1), Safety and Safe Practices in Welding and Cutting (Page-7), SMAW Power Sources and Equipment (Page-19), The Welding Circuit, Polarity and Arc Blow (Page-28), Metals and Welding (Page-32), SMAW Electrodes (Page-58), Procedures and Preparation for Plate Welding (Page-67), Welding Symbols (Page-84), Welding Inspection and Quality Control (Page-94), Oxy Full Flame Cutting (Page-112), The AAC Process (Page-126), AAC Procedures (Page-131), Flat or Download Welding (Page-136), Horizontal Welding of Plate (Page-154). 0aShielded metal arc welding.